Giấc ngủ những điều kỳ lạ

Sparad:
Bibliografiska uppgifter
Huvudupphovsman: Trần Đình Tuấn
Materialtyp: Bok
Språk:Undetermined
Publicerad: H. VHDT 2003
Ämnen:
Taggar: Lägg till en tagg
Inga taggar, Lägg till första taggen!
Thư viện lưu trữ: Trung tâm Học liệu Trường Đại học Cần Thơ
LEADER 00486nam a2200181Ia 4500
001 CTU_53634
008 210402s9999 xx 000 0 und d
020 |b 40000 
082 |a 154.634 
082 |b T502 
100 |a Trần Đình Tuấn 
245 0 |a Giấc ngủ những điều kỳ lạ 
245 0 |c Trần Đình Tuấn 
260 |a H. 
260 |b VHDT 
260 |c 2003 
650 |a sleep,dreams 
980 |a Trung tâm Học liệu Trường Đại học Cần Thơ